000 00456nam a2200181Ia 4500
008 220531s9999 xx 000 0 und d
041 _aeng
082 _a657.42
_bJAI / NAR
100 _aJain, S. P. / Narang, K. L.
_934327
245 _aPractical Problems In Cost Accounting
250 _a8th
260 _aNoida
_bKalyani
_c1995
300 _a499
542 _d24-02-1996
650 _acosting
_934328
906 _d1996-1997
999 _c21173
_d21173